000 01101nam a2200217 i 4500
001 BPP
003 BPK
005 20150113110733.0
008 150113s2006 pl a f f |000 0 pol
040 _cBPK
080 _a628.1/.2(075.8)
100 _aŻUCHOWICKI, Antoni Waldemar.
_d1996 - .
_bPolitechnika Koszalińska - Wydział Budownictwa i Inżynierii Środowiska,
_cKatedra Sieci i Instalacji Sanitarnych
245 _aWspółczesne trendy w dziedzinie eksploatacji sieci wodociągowych i kanalizacyjnych /
_cWaldemar Żuchowicki, Y.A. Feofanov.
260 _aKoszalin :
_bWydaw. Uczelniane Politechniki Koszalińskiej,
_c2006.
300 _a197 s. :
_brys., wykr.
500 _aDane z autopsji.
520 _aPodręcznik nt. stanu technicznego systemów wodociągowych i kanalizacyjnych, czynników wpływających na przebieg procesu eksploatacji systemów wodociągowych i kanalizacyjnych oraz współczesnych rozwiązań technicznych stosowanych w procedurze eksploatacji sieci wodociągowych i kanalizacyjnych.
650 0 _aKanalizacja.
650 0 _aWodociągi.
942 _cKS
_2UKD
999 _c405
_d405